[Event "SVK Amateur-ch 2020"]
[Site "Topolcany"]
[Date "2020.07.10"]
[Round "1.29"]
[White "Fenik, Jozef"]
[Black "Tatliak, Stefan"]
[Result "1-0"]
[WhiteElo "2100"]
[BlackElo "1704"]
[Annotator "TA"]
[PlyCount "77"]
[EventDate "2020.07.10"]
[EventType "swiss"]
[EventCountry "SVK"]
[SourceTitle "playchess.com"]
[Source "ChessBase"]
[SourceQuality "1"]

{[%evp 12,77,13,22,29,18,24,17,42,33,30,16,163,168,215,133,151,137,204,197,266,266,376,358,470,459,452,439,485,485,483,500,497,496,466,436,407,294,333,303,292,283,428,414,524,521,658,629,902,894,980,946,1268,1231,1730,1546,2195,2167,29976,29977,29978,29976,29981,29982,29989,29988,29985,29987]} 1. e4 e5 2. Nc3 Nf6 3. Bc4 Be7 4. d3 O-O 5. f4 d6 6. Nf3 Nbd7 7. O-O c6 {C30: King's Gambit Declined.} 8. a4 exf4 9. Bxf4 Qb6+ {The position is equal.} 10. Kh1 Qxb2 11. a5 {aiming for Na4.} Qb4 {[#] This move loses the game for Black.} (11... b5 $1 $11 {and Black is okay.} 12. axb6 Qxb6) 12. Ra4 $146 {[%cal Ra4b4][%mdl 3072] White has strong compensation. White has strong initiative.} ({Predecessor:} 12. Qe2 Qc5 13. Ng5 d5 14. Na4 Qxa5 15. exd5 Nxd5 16. Nxh7 Kxh7 17. Bxd5 Qd8 18. Be4+ {0-1 (39) Platzek,J-Janson,M Hessen 2000}) 12... Qc5 13. d4 Qh5 {[#] Threatens to win with ...b5.} 14. Be2 $1 Ng4 (14... b5 $16) 15. h3 f5 {[#]} (15... Ngf6 $142 16. Qe1 Ne8) 16. Nh2 $1 {[%mdl 64] Pin} Ndf6 (16... g5 $142 17. hxg4 Qh6) 17. exf5 ({But not} 17. hxg4 fxg4 18. e5 dxe5 $18) 17... Bxf5 {intending ...Qg6.} 18. hxg4 Bxg4 19. Bxg4 Nxg4 20. Qxg4 Qxg4 21. Nxg4 g5 22. Re1 ({Weaker is} 22. a6 b5 $18) 22... Rxf4 23. Rxe7 Rxg4 24. Re4 h5 25. Rxg4 hxg4 {[%mdl 4096] Endgame KRN-KR} 26. Ne4 Rf8 (26... d5 $142) 27. Kh2 Kg7 28. Nxd6 Kg6 29. Nxb7 Kh5 30. Kg3 Rf1 31. a6 Rf4 32. Rc4 Rf1 33. Nd8 Rf4 34. Nxc6 Rf1 35. Ne5 {White mates.} Ra1 36. c3 Rxa6 37. Rc6 Ra2 38. Nf7 {[%csl Gf7][%cal Rc6h6]} Ra6 39. d5 {Accuracy: White = 85%, Black = 17%.} 1-0

[Event "SVK Amateur-ch 2020"]
[Site "Topolcany"]
[Date "2020.07.10"]
[Round "1.30"]
[White "Malinovsky, Jozef"]
[Black "Kaniansky, Miroslav"]
[Result "1/2-1/2"]
[WhiteElo "1698"]
[BlackElo "2100"]
[Annotator "TA"]
[PlyCount "97"]
[EventDate "2020.07.10"]
[EventType "swiss"]
[EventCountry "SVK"]
[SourceTitle "playchess.com"]
[Source "ChessBase"]
[SourceQuality "1"]

{[%evp 9,97,43,48,-5,-11,-5,7,8,3,-16,-13,-4,0,-63,-56,-48,18,0,0,0,0,29,17,0,0,-60,13,21,30,27,198,-31,-31,-31,-31,-35,-39,-49,0,0,45,-70,-17,-25,12,0,42,-30,-45,-49,-46,-81,41,14,10,10,4,0,143,129,637,644,578,354,494,501,475,464,441,377,366,350,428,427,366,249,637,653,824,766,990,990,1128,940,1106,750,1733,1683,1141,1050]} 1. c4 c5 2. Nf3 Nf6 3. Nc3 d5 4. cxd5 Nxd5 5. e4 Nb4 6. d3 {A34: Symmetrical English: 2 Nc3, lines with ...d5.} (6. d4 $14) 6... Bg4 $11 7. Be3 Bxf3 8. gxf3 {The position is equal.} e6 9. a3 N4c6 10. Qa4 Nd7 {[#]} 11. O-O-O $146 (11. f4 $11) ({Predecessor:} 11. f4 Be7 12. Bg2 Nb6 13. Qd1 Qd7 14. Qe2 Nd4 15. Bxd4 cxd4 16. Na2 O-O 17. O-O {0-1 (52) Djukic,B (2265)-Milanovic,D (2434) Banja Luka 2004}) 11... Nb6 $15 12. Qb3 e5 (12... Nd4 $15 13. Bxd4 cxd4) 13. f4 exf4 14. Bxf4 Nd4 15. Qa2 Qf6 16. Be3 Bd6 17. Nd5 (17. Kb1 $11) 17... Qf3 (17... Nxd5 $15 18. Qxd5 Be5) 18. Rg1 $11 Nxd5 19. Qxd5 {[%mdl 64] [#] Double Attack} Bf4 $2 (19... Rd8 $11 20. Rxg7 b6) 20. Bxf4 $2 (20. Rxg7 $18 Bxh2 21. Qxb7 (21. Bxd4 cxd4 22. Be2 Qf6 $18)) 20... Qxf4+ $15 {[%mdl 64] Double Attack} 21. Kb1 O-O 22. Qxc5 Qxf2 23. Bh3 {Rdf1 is the strong threat.} Qf6 24. Rdf1 Qb6 25. Qc3 ({Better is} 25. Qxb6 $14 axb6 26. Rf6) 25... f6 (25... Rad8 $15) 26. Rg2 $11 Rf7 27. Qc4 Kf8 28. Rc1 (28. e5 $14) 28... Rd8 29. Bg4 Nc6 30. Be6 Re7 ({Black should try} 30... Ne5 $17 31. Qb3 Qxb3 32. Bxb3 Rfd7) 31. Rf1 $40 {[%mdl 128] White wants to mate with Rxf6+! Black needs to defend precisely.} Qd4 {aiming for ...Rxe6!} 32. Bd5 {Threatens to win with Qxd4.} Qxc4 33. dxc4 {Hoping for Rxf6+!} Ne5 {[#] White leaves nothing to chance now.} (33... Re5 $11 {keeps the balance.}) 34. Rxf6+ $1 $16 {[%mdl 512]} Rf7 $2 {[%mdl 8192]} (34... Ke8 $16 35. Rf1 g6) (34... gxf6 35. Rg8#) 35. Rxf7+ $18 Nxf7 36. Bxb7 {[%mdl 4096] Endgame KRB-KRN} Rd4 37. Bd5 Nd6 38. Rf2+ Ke7 39. e5 Nxc4 40. Rf7+ {[%mdl 64] Double Attack} Ke8 41. Bxc4 Rxc4 42. Rxg7 {KR-KR} Rh4 $2 (42... a5 43. Rxh7 Re4) 43. Rxa7 {White is clearly winning.} Rxh2 44. e6 h5 45. b4 {[%cal Bb2b4,Bb4b5][%mdl 32]} h4 46. b5 Re2 47. Rh7 {Black must now prevent b6.} Rxe6 48. Rxh4 Kd7 49. Rc4 {[%mdl 32768] Accuracy: White = 61%, Black = 42%. . An unexpected result.} 1/2-1/2

[Event "SVK Amateur-ch 2020"]
[Site "Topolcany"]
[Date "2020.07.10"]
[Round "1.31"]
[White "Sajtlava, Igor"]
[Black "Balazs, Ladislav"]
[Result "0-1"]
[WhiteElo "1694"]
[BlackElo "2088"]
[Annotator "TA"]
[PlyCount "92"]
[EventDate "2020.07.10"]
[EventType "swiss"]
[EventCountry "SVK"]
[SourceTitle "playchess.com"]
[Source "ChessBase"]
[SourceQuality "1"]

{[%evp 10,92,36,41,57,55,73,67,71,66,80,81,76,55,57,66,108,82,70,75,101,83,102,71,70,64,66,60,54,50,66,61,77,94,136,78,149,154,153,147,150,108,118,86,234,28,22,0,0,0,0,-491,-480,-583,-583,-583,-583,-583,-583,-583,-583,-550,-262,-261,-256,-261,-245,-485,-482,-577,-572,-557,-531,-638,-600,-924,-829,-990,-947,-1300,-876,-12842,-12833,-12848,-12848]} 1. d4 Nf6 2. c4 c5 3. Nf3 cxd4 4. Nxd4 e5 5. Nc2 Nc6 6. Nc3 Be7 {A31: Symmetrical English: 2 Nf3 Nf6 3 d4.} 7. g3 d6 8. Bg2 Be6 {White is slightly better.} 9. b3 Qd7 {[#]} 10. O-O $146 ({Predecessor:} 10. Nd5 O-O 11. O-O Bh3 12. Nxf6+ Bxf6 13. Bxh3 Qxh3 14. Qxd6 Rad8 15. Qc5 e4 16. Rb1 Ne5 17. Ne3 b6 18. Qb5 Rd3 19. Bb2 Rxe3 20. Bxe5 Bxe5 21. fxe3 {½-½ (21) Jablonicky,F (2181)-Rybansky,D (2260) Slovakia 2004}) 10... Bh3 11. Ne3 h5 12. f3 h4 {Strongly threatening ...hxg3.} 13. g4 Bxg2 14. Kxg2 h3+ 15. Kg1 Nd4 16. Ncd5 Bd8 17. Bb2 Nxd5 18. Nxd5 Ne6 19. e3 a5 20. Qe2 Qc6 21. f4 f6 22. Qf3 ({White should try} 22. Qc2) 22... Nc5 ({Black should play} 22... a4) 23. fxe5 $16 dxe5 {[#]} 24. Bxe5 $1 {[%mdl 512]} Qe6 (24... fxe5 25. Qf7#) 25. Bd4 Ne4 26. Qf5 Ra6 (26... Qxf5 $16 {was called for.} 27. Rxf5 (27. gxf5 Rh4 $16) 27... a4) 27. Qxe6+ $2 (27. Qg6+ $18 Kf8 28. Rf4) 27... Rxe6 $11 28. Rad1 Rh4 29. Rf4 g5 30. Nxf6+ $2 {[%mdl 8192] White is now going downhill.} (30. Rxe4 $11 {and White is okay.} Rxe4 31. Bxf6) 30... Bxf6 $19 ({Weaker is} 30... Nxf6 31. Bxf6 Bxf6 32. Rf3 $19) 31. Rxe4 Rxe4 32. Bxf6 Rhxg4+ $11 {[%mdl 4096] Endgame KRR-KRB} 33. Kf2 {Black should prevent Kf3.} Re6 34. Bd4 Rg2+ {[%mdl 64] [#] Double Attack} 35. Kf3 Rxh2 (35... g4+ $142 36. Kf4 Rxh2 37. Kxg4 Rg2+ 38. Kf5 h2) 36. Kg3 $19 Rxa2 37. Kxh3 Ra3 38. Kg4 $2 (38. Rb1) 38... Rxb3 {Black is clearly winning.} 39. Kxg5 a4 {[%cal Ba5a4,Ba4a3,Ba3a2][%mdl 32]} 40. Kf5 Rc6 41. c5 Ra6 42. Ke5 a3 43. Kd5 a2 44. Ra1 Ra4 45. c6 bxc6+ 46. Kxc6 Rb1 {Accuracy: White = 49%, Black = 76%.} 0-1

[Event "SVK Amateur-ch 2020"]
[Site "Topolcany"]
[Date "2020.07.10"]
[Round "2.1"]
[White "Stevik Patrik ml."]
[Black "Rabovszky Gyorgy"]
[Result "1-0"]
[WhiteElo "2047"]
[BlackElo "1716"]
[Annotator "ChessBase"]
[PlyCount "74"]
[EventDate "2020.07.10"]
[EventType "swiss"]
[EventCountry "SVK"]
[SourceTitle "playchess.com"]
[Source "ChessBase"]
[SourceQuality "1"]
[TimeControl "3600+30"]

1. b3 {[%emt 0:00:00]} e5 {[%emt 0:00:46]} 2. Bb2 {[%emt 0:00:00]} Nc6 {[%emt 0:00:19]} 3. e3 {[%emt 0:00:06]} Nf6 {[%emt 0:01:14]} 4. Nf3 {[%emt 0:00:14]} d6 {[%emt 0:01:09]} 5. d4 {[%emt 0:00:54]} exd4 {[%emt 0:00:19]} 6. exd4 {[%emt 0:00:51]} Bg4 {[%emt 0:03:56]} 7. Be2 {[%emt 0:01:09]} Be7 {[%emt 0:03:13]} 8. O-O {[%emt 0:01:41]} O-O {[%emt 0:00:47]} 9. c4 {[%emt 0:01:00]} Re8 {[%emt 0:02:41]} 10. d5 {[%emt 0:01:13]} Bxf3 {[%emt 0:00:29]} 11. Bxf3 {[%emt 0:00:17]} Ne5 {[%emt 0:00:09]} 12. Be2 {[%emt 0:00:54]} Qd7 {[%emt 0:02:59]} 13. h3 {[%emt 0:01:45]} Ne4 {[%emt 0:07:21]} 14. Nd2 {[%emt 0:04:08]} Nxd2 {[%emt 0:06:30]} 15. Qxd2 {[%emt 0:00:56]} Ng6 {[%emt 0:00:34]} 16. Bd3 {[%emt 0:01:18]} h6 {[%emt 0:00:33]} 17. Qc2 {[%emt 0:00:56]} Ne5 {[%emt 0:03:52]} 18. Bf5 {[%emt 0:01:34]} Qd8 {[%emt 0:00:01]} 19. f4 {[%emt 0:01:07]} Nd7 {[%emt 0:00:22]} 20. Rae1 {[%emt 0:00:39]} Bh4 {[%emt 0:01:31]} 21. Rxe8+ {[%emt 0:01:24]} Qxe8 {[%emt 0:00:03]} 22. Qd3 {[%emt 0:01:27]} g6 {[%emt 0:02:40]} 23. Bxd7 {[%emt 0:01:17]} Qxd7 {[%emt 0:03:09]} 24. Qc3 {[%emt 0:00:06]} f6 {[%emt 0:03:41]} 25. g3 {[%emt 0:00:30]} Qxh3 {[%emt 0:00:30]} 26. gxh4 {[%emt 0:00:30]} Qg4+ {[%emt 0:00:30]} 27. Kf2 {[%emt 0:01:28]} Re8 {[%emt 0:00:36]} 28. Qf3 {[%emt 0:00:20]} Qxh4+ {[%emt 0:00:43]} 29. Kg2 {[%emt 0:00:54]} f5 {[%emt 0:03:54]} 30. Qg3 {[%emt 0:03:08]} Qh5 {[%emt 0:02:30]} 31. Rf2 {[%emt 0:01:17]} Re1 {[%emt 0:01:20]} 32. Rf1 {[%emt 0:03:19]} Re2+ {[%emt 0:00:13]} 33. Rf2 {[%emt 0:00:22]} Re1 {[%emt 0:00:08]} 34. Qf3 {[%emt 0:04:13]} Qh1+ {[%emt 0:07:22]} 35. Kg3 {[%emt 0:00:05]} Rg1+ {[%emt 0:05:34]} 36. Rg2 {[%emt 0:00:59]} h5 {[%emt 0:00:31]} 37. Qf2 {[%emt 0:13:22]} h4+ {[%emt 0:03:29]} 1-0

[Event "SVK Amateur-ch 2020"]
[Site "Topolcany"]
[Date "2020.07.10"]
[Round "2.1"]
[White "Tropp, Frantisek"]
[Black "Hros, Roman"]
[Result "1/2-1/2"]
[WhiteElo "2032"]
[BlackElo "2187"]
[Annotator "TA"]
[PlyCount "31"]
[EventDate "2020.07.10"]
[EventType "swiss"]
[EventCountry "SVK"]
[SourceTitle "playchess.com"]
[Source "ChessBase"]
[SourceQuality "1"]

{[%evp 11,31,7,7,7,7,3,64,51,99,79,93,73,72,79,57,68,114,95,102,37,60,63]} 1. e4 c5 2. c3 Nf6 3. Bd3 Nc6 4. Nf3 d6 5. h3 e5 6. Bc2 Be7 7. O-O {B50: Sicilian: 2...d6, Miscellaneous.} O-O 8. d4 Qc7 (8... exd4 $11 9. cxd4 cxd4) 9. d5 $14 Nb8 10. a4 Ne8 {[#]} 11. Nh2 $146 ({Predecessor:} 11. b4 Nd7 12. Na3 g6 13. Be3 Ng7 14. Nb5 Qb6 15. Nd2 Qd8 16. Nc4 cxb4 17. Nbxd6 bxc3 {1-0 (38) Van den Doel,E (2566)-Op den Kelder,J (2228) Delft 2009}) 11... f5 12. f4 fxe4 13. fxe5 Rxf1+ 14. Nxf1 {And now e6 would win.} dxe5 15. Bxe4 (15. c4 $16) 15... Nf6 16. Bc2 {Accuracy: White = 81%, Black = 62%.} 1/2-1/2

[Event "SVK Amateur-ch 2020"]
[Site "Topolcany"]
[Date "2020.07.10"]
[Round "2.2"]
[White "Kleman, Miroslav"]
[Black "Zetocha, Adrian"]
[Result "1-0"]
[WhiteElo "2198"]
[BlackElo "2073"]
[Annotator "TA"]
[PlyCount "155"]
[EventDate "2020.07.10"]
[EventType "swiss"]
[EventCountry "SVK"]
[SourceTitle "playchess.com"]
[Source "ChessBase"]
[SourceQuality "1"]

{[%evp 9,155,-12,8,0,0,-37,-29,-56,-27,-30,-27,-59,-62,-47,-53,-45,-36,-67,11,-54,-58,-60,-62,-50,-33,-123,36,0,11,-22,-12,-83,-103,-94,-93,-114,-85,-133,-53,-47,-49,-45,-43,-27,-30,-26,-26,-50,-56,-70,-74,-52,-29,-35,-28,-35,0,0,60,59,49,37,35,36,45,20,52,53,69,0,8,1,15,16,20,17,24,0,0,0,0,0,12,0,11,8,28,0,0,0,8,0,12,14,129,25,47,12,12,12,33,0,60,60,57,12,68,68,108,108,591,588,29967,29968,29967,29965,29966,29967,29966,29968,29968,29968,29967,29967,29969,29972,29972,29973,29973,29974,29974,29974,29976,29975,29975,29975,29975,29976,29976,29977,29977,29978,29978,29979,29979,29980,29980,29981]} 1. b3 e5 2. e4 Nc6 3. Nf3 Nf6 4. d3 g6 5. Bb2 d6 6. Nbd2 {C44: Ponziani Opening and Scotch Gambit.} Bg7 7. Be2 O-O 8. d4 {Black has an edge.} Nh5 9. dxe5 {[#]} Nf4 $146 ({Predecessor:} 9... dxe5 10. Nc4 f6 11. O-O Nf4 12. Ne3 Nxe2+ 13. Qxe2 Be6 14. Rad1 Qe7 15. Nd5 Qf7 {1-0 (34) Sevenyuk,A (1916)-Berset,P (2109) Basel 2012}) 10. g3 Nxe2 11. Qxe2 dxe5 12. O-O-O a5 13. Nc4 Qe8 (13... Qe7 $1 $15) 14. a4 (14. Ne3 $1 $11) 14... Bg4 $15 15. h3 Bxf3 16. Qxf3 Nd4 17. Qd3 (17. Bxd4 $15 exd4 18. e5) 17... c5 $2 (17... b5 $1 $17 {[%cal Rb5c4]} 18. Nxe5 {[%mdl 64] Remove Defender} Bxe5 19. Bxd4 bxa4) 18. Bxd4 (18. Na3 {with more complications.} Qc6 19. h4 f5 20. Qc4+ Kh8 21. exf5 Rxf5 22. Bxd4 exd4 23. f4) 18... cxd4 19. f4 b5 20. axb5 ({Much weaker is} 20. Nxe5 bxa4 21. Qxd4 axb3 $17) (20. Nd6 $1 $11 Qb8 21. Nxb5) 20... exf4 $17 21. gxf4 Qxb5 22. e5 a4 23. Nb2 {[#]} Qxd3 (23... Qb4 $1 $17 24. Nxa4 Qa3+ 25. Kd2 f6) 24. Nxd3 $15 axb3 25. cxb3 Rfc8+ 26. Kb2 Rc3 27. Nb4 Rf3 {aiming for ...Rf2+.} 28. Rhf1 Rxh3 {And now ...Rh2+ would win.} 29. Rxd4 {[#]} g5 $1 {[%mdl 512]} 30. Nd5 (30. fxg5 Bxe5) 30... Rh2+ 31. Kc3 gxf4 32. Nf6+ Kh8 (32... Bxf6 $5 33. exf6 Rh3+ 34. Kb2 f3 $15) 33. Rfxf4 Bh6 ({Black should play} 33... Rc8+ $11 34. Rc4 Rh3+ 35. Kb2 Rh2+ 36. Kc3 Rh3+ 37. Kc2 Rh2+ 38. Kd3 Rd8+ 39. Ke4 Bxf6 40. Rxf6 (40. exf6 Re2+ 41. Kf3 Rb2 $11) 40... Kg7) 34. Rh4 $14 Rc8+ 35. Rc4 Rxc4+ 36. Rxc4 {[%mdl 4096] Endgame White threatens Rc8+ and mate. KRB-KRN} Rh3+ 37. Kc2 {Black must now prevent Rc8+.} Bg5 38. b4 Kg7 39. Ne4 (39. b5 $14 Rh2+ 40. Kc3) 39... Bf4 40. Nf2 Rf3 41. Nd3 Be3 42. Rg4+ Kf8 43. Kd1 Bb6 44. Ke2 Re3+ 45. Kd2 Rf3 46. Rh4 Kg7 47. Kc3 f6 48. exf6+ Rxf6 49. Kc4 h6 50. Nf4 {Threatens to win with Nh5+.} Kf7 51. Nd5 Re6 52. b5 (52. Nxb6 $16 Rxb6 53. Kc5) 52... Bd8 53. Rh5 Ke8 54. Kc5 Kd7 55. Rf5 Kc8 ({Better is} 55... Re1 $11) 56. Rf8 Kd7 57. Rf7+ (57. b6 $5 {[%cal Rf8d8]} Rc6+ 58. Kb5 Bxb6 59. Nxb6+ Ke7 60. Rh8 $11) 57... Ke8 (57... Kc8 $1 $11) 58. Rh7 Rg6 59. Nc7+ Bxc7 $2 {[%mdl 8192] This move loses the game for Black.} (59... Kf8 $16 {is tougher.}) 60. Rxc7 $16 {KR-KR} Rg1 61. Rh7 {White mates.} Kd8 62. Kb6 Kc8 {[#]} 63. Rh8+ $1 Kd7 64. Rxh6 Rb1 65. Rh5 Kc8 66. Rh7 Rg1 67. Rh8+ Kd7 68. Kb7 Rb1 69. b6 Rb2 70. Rh7+ Kd8 71. Rc7 Rb1 72. Rc5 Kd7 73. Rd5+ Ke6 74. Rd2 Ke7 75. Ka7 Ra1+ 76. Kb8 Rb1 77. b7 Rb3 78. Ra2 {Accuracy: White = 71%, Black = 71%.} 1-0

[Event "SVK Amateur-ch 2020"]
[Site "Topolcany"]
[Date "2020.07.10"]
[Round "2.2"]
[White "Wallenfels Tomas"]
[Black "Nadzamova, Viktoria"]
[Result "0-1"]
[WhiteElo "1000"]
[BlackElo "2046"]
[Annotator "ChessBase"]
[PlyCount "58"]
[EventDate "2020.07.10"]
[EventType "swiss"]
[EventCountry "SVK"]
[SourceTitle "playchess.com"]
[Source "ChessBase"]
[SourceQuality "1"]
[TimeControl "3600+30"]

1. Nf3 {[%emt 0:00:00]} c5 {[%emt 0:00:00]} 2. d4 {[%emt 0:00:01]} cxd4 {[%emt 0:00:06]} 3. Nxd4 {[%emt 0:00:24]} Nf6 {[%emt 0:00:35]} 4. Nc3 {[%emt 0:00:50]} e6 {[%emt 0:00:18]} 5. Bg5 {[%emt 0:00:36]} Be7 {[%emt 0:00:35]} 6. e3 {[%emt 0:01:08]} Nc6 {[%emt 0:00:26]} 7. Bxf6 {[%emt 0:02:57]} Bxf6 {[%emt 0:00:17]} 8. Qd2 {[%emt 0:00:58]} a6 {[%emt 0:00:36]} 9. O-O-O {[%emt 0:00:32]} O-O {[%emt 0:00:32]} 10. Ne4 {[%emt 0:01:48]} d5 {[%emt 0:01:27]} 11. Nxc6 {[%emt 0:02:09]} bxc6 {[%emt 0:00:29]} 12. Nxf6+ {[%emt 0:04:47]} Qxf6 {[%emt 0:00:20]} 13. g3 {[%emt 0:03:51]} Rb8 {[%emt 0:00:30]} 14. Qd4 {[%emt 0:01:31]} e5 {[%emt 0:01:37]} 15. Qa7 {[%emt 0:03:13]} Bg4 {[%emt 0:02:00]} 16. Rd2 {[%emt 0:01:56]} Rfc8 {[%emt 0:03:12]} 17. Bxa6 {[%emt 0:01:42]} Ra8 {[%emt 0:00:15]} 18. Qb6 {[%emt 0:04:02]} Rcb8 {[%emt 0:00:23]} 19. Qc7 {[%emt 0:01:46]} Qd8 {[%emt 0:05:35]} 20. Qxc6 {[%emt 0:02:53]} Rb6 {[%emt 0:00:16]} 21. Qxd5 {[%emt 0:01:38]} Qxd5 {[%emt 0:00:11]} 22. Rxd5 {[%emt 0:00:12]} Bf3 {[%emt 0:00:30]} 23. Rhd1 {[%emt 0:02:13]} Bxd1 {[%emt 0:00:14]} 24. Rxd1 {[%emt 0:02:25]} Rbxa6 {[%emt 0:00:30]} 25. Rd5 {[%emt 0:00:30]} f6 {[%emt 0:00:18]} 26. a3 {[%emt 0:00:49]} Ra4 {[%emt 0:00:26]} 27. Rd3 {[%emt 0:00:36]} h5 {[%emt 0:00:16]} 28. b4 {[%emt 0:00:16]} Rxa3 {[%emt 0:00:09]} 29. Rxa3 {[%emt 0:00:13]} Rxa3 {[%emt 0:00:07]} 0-1

[Event "SVK Amateur-ch 2020"]
[Site "Topolcany"]
[Date "2020.07.10"]
[Round "2.3"]
[White "Garban, Mario"]
[Black "Terbe, Zsuzsanna"]
[Result "1/2-1/2"]
[WhiteElo "2033"]
[BlackElo "2192"]
[Annotator "TA"]
[PlyCount "35"]
[EventDate "2020.07.10"]
[EventType "swiss"]
[EventCountry "SVK"]
[SourceTitle "playchess.com"]
[Source "ChessBase"]
[SourceQuality "1"]

{[%evp 9,35,-46,-23,-40,-29,-41,-18,-20,-3,-13,-12,0,0,-16,177,190,256,153,154,150,145,146,199,93,88,89,96,78]} 1. e4 c5 2. Nf3 Nc6 3. Bc4 e6 4. Qe2 Nge7 5. e5 {[#]} a6 $146 ({Predecessor:} 5... Ng6 6. O-O Nh4 7. Re1 d5 8. exd6 Bxd6 9. h3 O-O 10. Nxh4 Qxh4 11. c3 Qf4 12. g3 {0-1 (38) Pichl,M (1946)-Krug,N (2221) Germany 2004}) 6. O-O {B30: Sicilian: 2...Nc6 3 Bb5, lines without ...g6.} b5 7. Bd3 d5 {White must now prevent ...c4.} 8. exd6 {The position is equal.} Ng6 9. Be4 Bb7 10. d4 Bxd6 11. d5 Na5 $2 (11... Nd4 $1 $11 {and Black stays safe.} 12. Nxd4 cxd4) 12. dxe6 $18 O-O (12... f6 {might work better.} 13. Rd1 Qc7 14. Bxb7 Nxb7) 13. Bxb7 ({White should try} 13. Ng5 $18 Bxe4 14. exf7+ (14. Nxe4 Be5 $16) (14. Qxe4 f5 $16) 14... Rxf7 15. Qxe4) 13... Nxb7 $16 14. Ng5 f6 {[#]} 15. Nxh7 $1 {[%mdl 512]} Re8 (15... Kxh7 $16 {was necessary.} 16. Qh5+ Kg8) 16. Qe4 (16. Qh5 $18 {is the precise move to win.} Rxe6 17. Qxg6) 16... Kxh7 17. Qxb7 Rxe6 18. Qf3 {Accuracy: White = 71%, Black = 55%.} 1/2-1/2

[Event "SVK Amateur-ch 2020"]
[Site "Topolcany"]
[Date "2020.07.10"]
[Round "2.3"]
[White "Brnusak, Tomas"]
[Black "Malinovsky Jozef"]
[Result "1-0"]
[WhiteElo "2028"]
[BlackElo "1698"]
[Annotator "ChessBase"]
[PlyCount "101"]
[EventDate "2020.07.10"]
[EventType "swiss"]
[EventCountry "SVK"]
[SourceTitle "playchess.com"]
[Source "ChessBase"]
[SourceQuality "1"]
[TimeControl "3600+30"]

1. Nf3 {[%emt 0:00:00]} Nc6 {[%emt 0:00:34]} 2. g3 {[%emt 0:00:00]} Nf6 {[%emt 0:00:45]} 3. Bg2 {[%emt 0:00:00]} e5 {[%emt 0:01:02]} 4. d3 {[%emt 0:00:04]} Be7 {[%emt 0:01:11]} 5. c4 {[%emt 0:00:50]} e4 {[%emt 0:02:09]} 6. dxe4 {[%emt 0:02:06]} Nxe4 {[%emt 0:00:02]} 7. O-O {[%emt 0:00:54]} d6 {[%emt 0:02:23]} 8. Nd4 {[%emt 0:01:22]} f5 {[%emt 0:02:24]} 9. Nc3 {[%emt 0:04:18]} Nxc3 {[%emt 0:01:05]} 10. bxc3 {[%emt 0:00:08]} Nxd4 {[%emt 0:02:12]} 11. cxd4 {[%emt 0:00:11]} O-O {[%emt 0:00:48]} 12. Qb3 {[%emt 0:02:16]} Rb8 {[%emt 0:02:09]} 13. Bb2 {[%emt 0:01:16]} Kh8 {[%emt 0:00:58]} 14. Rfe1 {[%emt 0:01:32]} Bf6 {[%emt 0:02:06]} 15. e4 {[%emt 0:00:56]} fxe4 {[%emt 0:00:32]} 16. Bxe4 {[%emt 0:00:10]} Bd7 {[%emt 0:05:17]} 17. Qc2 {[%emt 0:01:21]} h6 {[%emt 0:00:23]} 18. Re3 {[%emt 0:02:58]} b5 {[%emt 0:02:12]} 19. c5 {[%emt 0:01:57]} dxc5 {[%emt 0:01:48]} 20. dxc5 {[%emt 0:01:01]} Bxb2 {[%emt 0:00:30]} 21. Qxb2 {[%emt 0:00:50]} Qf6 {[%emt 0:00:30]} 22. Rb1 {[%emt 0:01:05]} Qxb2 {[%emt 0:01:43]} 23. Rxb2 {[%emt 0:00:06]} a6 {[%emt 0:02:05]} 24. Rd2 {[%emt 0:04:59]} Bh3 {[%emt 0:03:47]} 25. Ra3 {[%emt 0:02:32]} Rf6 {[%emt 0:02:08]} 26. c6 {[%emt 0:00:50]} Ra8 {[%emt 0:01:00]} 27. Rxa6 {[%emt 0:00:15]} Rff8 {[%emt 0:00:41]} 28. Rxa8 {[%emt 0:01:02]} Rxa8 {[%emt 0:00:02]} 29. Rb2 {[%emt 0:02:09]} g5 {[%emt 0:03:14]} 30. f3 {[%emt 0:03:07]} b4 {[%emt 0:04:19]} 31. Rxb4 {[%emt 0:02:31]} Rxa2 {[%emt 0:00:17]} 32. Rb7 {[%emt 0:02:04]} Rg2+ {[%emt 0:00:35]} 33. Kf1 {[%emt 0:00:10]} Rxg3+ {[%emt 0:00:33]} 34. Ke1 {[%emt 0:00:06]} Rg1+ {[%emt 0:03:02]} 35. Kd2 {[%emt 0:00:22]} Rg2+ {[%emt 0:00:06]} 36. Ke3 {[%emt 0:00:09]} Rxh2 {[%emt 0:00:02]} 37. Rxc7 {[%emt 0:00:13]} Bf1 {[%emt 0:02:45]} 38. Ra7 {[%emt 0:01:10]} Re2+ {[%emt 0:05:00]} 39. Kd4 {[%emt 0:00:15]} Rd2+ {[%emt 0:05:50]} 40. Kc5 {[%emt 0:01:30]} Bh3 {[%emt 0:02:44]} 41. Rh7+ {[%emt 0:00:14]} Kg8 {[%emt 0:00:01]} 42. Rxh6 {[%emt 0:00:26]} Bc8 {[%emt 0:01:03]} 43. Rg6+ {[%emt 0:00:11]} Kf7 {[%emt 0:00:37]} 44. Rxg5 {[%emt 0:00:09]} Ra2 {[%emt 0:01:25]} 45. Kb6 {[%emt 0:00:57]} Rb2+ {[%emt 0:00:28]} 46. Rb5 {[%emt 0:00:24]} Rd2 {[%emt 0:02:56]} 47. Bf5 {[%emt 0:00:39]} Bxf5 {[%emt 0:01:14]} 48. Rxf5+ {[%emt 0:00:07]} Ke6 {[%emt 0:00:21]} 49. c7 {[%emt 0:00:59]} Kxf5 {[%emt 0:00:57]} 50. c8=Q+ {[%emt 0:00:12]} Kf4 {[%emt 0:00:50]} 51. Qc1 {[%emt 0:00:14]} 1-0